00401cam a2200133 a 4500020001700000082001500017245008000032260004500112300002600157650002600183650002700209700001500236700001600251 a047126279X :00a530.41 PRA00aPractical surface analysis :by Auger and X- ray Photoelectron Speectroscopy aChichester ;aNew York :bWiley,cc1983. axiv, 533 p. :bill. ; 0aSurfaces (Technology) 0aElectron spectroscopy.1 aBriggs, D.1 aSeah, M. P.